000 00577nam a2200181Ia 4500
008 151018s9999 xx 000 0 und d
082 _bRBASDV12666
_a891.463
100 _aसरोजिनी शारंगपाणी
245 _aआहुती
250 _b1
260 _bपरमाउंट पब्लिसिटी
_c1979
300 _a128
600 _aसरोजिनी शारंगपाणी
630 _aआहुती
700 _aसरोजिनी शारंगपाणी
730 _aआहुती
942 _cBOOK
999 _c1014910
_d1014907